| 000 | 00703nam a22001937a 4500 | ||
|---|---|---|---|
| 003 | DO-SdBNP | ||
| 005 | 20220117131325.0 | ||
| 008 | 220117b2008 ||||| |||| 00| 0 spa d | ||
| 040 |
_aDO-SdBNP _bspa _cBNPHU |
||
| 082 |
_aF- _bxxx |
||
| 245 |
_aRol de los comités de ética de investigación en la República Dominicana y su vinculación con la salud materno-infantil / _cEditado por Rosángela Mendoza |
||
| 260 |
_aSanto Domingo : _bCentro Nacional de Investigaciones en Salud Materno Infantil, _c2008 |
||
| 300 |
_a15 páginas ; _c27 cm |
||
| 650 |
_aEtica médica _936009 |
||
| 650 |
_aCiencia y ética _9237 |
||
| 700 |
_aMendoza, Rosángela _eEditor _980949 |
||
| 910 | _aD/G | ||
| 942 |
_2ddc _cLBS1 |
||
| 999 |
_c51176 _d51176 |
||